| 000 | 00929nam a2200277 a 4500 | ||
|---|---|---|---|
| 001 | 2609914 | ||
| 003 | csc | ||
| 005 | 20200421093820.0 | ||
| 008 | 971030muuuu9999nyua 000 0 eng | ||
| 010 | _a 97210321 | ||
| 020 | _a0964479621 (v. 2) | ||
| 040 |
_aDLC _cDLC |
||
| 050 | 0 | 0 |
_aGV1459.5 _b.J46 1995 |
| 100 | 1 |
_aJeong, Soo-hyun. _9170 |
|
| 245 | 1 | 4 |
_aThe Korean Go Association's learn to play go / _cJeong Soo-hyun, Janice Kim ; drawings by A. Lee. |
| 246 | 1 | 4 | _aLearn to play go |
| 260 |
_aNew York : _bGood Move Press, _c<c1995- > |
||
| 300 |
_av. <2 > : _bill. ; _c26 cm. |
||
| 505 | 1 | _a -- v. 2. The way of the moving horse | |
| 650 | 0 | _aGo (Game) | |
| 700 | 1 |
_aKim, Janice. _9171 |
|
| 710 | 2 |
_aHanʼguk Kiwŏn. _9172 |
|
| 906 |
_a7 _bcbc _corignew _d2 _encip _f19 _gy-gencatlg |
||
| 942 |
_2ddc _cBK |
||
| 999 |
_c155 _d155 |
||